| 000 | 00695nam a2200205Ia 4500 | ||
|---|---|---|---|
| 008 | 191128s9999 xx 000 0 und d | ||
| 020 | _a8471788098 | ||
| 082 | _aR 030 | ||
| 082 | _b G748g | ||
| 245 | 0 | _aGran diccionario enciclopédico universal/ | |
| 260 | _a[Bogotá] | ||
| 260 | _bProlibros, | ||
| 260 | _c1986 | ||
| 300 | _a426 páginas | ||
| 300 | _c 24 cm | ||
| 500 | _a84-7178-804-7 (colección) ISBN: 84-7178-805-5 (tomo 1) ISBN: 84-7178-806-3 (tomo 2) ISBN: 84-7178-807-1 (tomo 3) ISBN: 84-7178-808-x (tomo 4) ISBN: 84-7178-809-8 (tomo 5) ISBN: 84-7178-810-1 (tomo 6) | ||
| 505 | _aDiccionario Ingles - Español | ||
| 546 | _aspa | ||
| 650 | _aEnciclopedias y diccionarios-- | ||
| 999 |
_c4444 _d4444 |
||